000 00775cpcaa22002417a 4500
001 mm 80002968
003 DLC
005 20260227111701.0
008 800129|||||||||||| eng
010 _amm 80002968
040 _aDLC
_cDLC
_edacs
_dDLC
072 7 _aW
_2lcmd
100 1 _aWheeler, Henry.
245 0 0 _aHenry Wheeler military discharge,
_f1864 July 22.
300 _a1
_fitem.
506 0 _aOpen to research.
545 0 _aSoldier.
546 _aCollection material in English.
580 _aForms part of: Miscellaneous Manuscripts collection.
656 7 _aSoldiers.
_2itoamc
999 _c42632
_d42632